000 00331nam a2200121Ia 4500
008 191201s2006 xx 000 0 und d
100 _aGOODRICH, Michael
245 0 _aAlgorithm Design Foundations Analysis and Internet Examples
260 _aN.Delhi
_bWarner Books
_c2006
300 _a708
650 _aB.Tech(IT)
942 _2ddc
_cBK
999 _c2930
_d2930